000 01233nam a2200313 i 4500
003 DO-SdBNP
005 20250401135255.0
007 ta
008 240411s2021 dr d 000 p spa d
020 _a9789945627305
040 _aDO-SdBNP
_bspa
_cBNPHU
_erda
082 _bJ96
_222
100 1 _aJusto Duarte, Amaury,
_d1942-
_eautor
_98575
245 1 3 _aLos fondos de pensiones. El caso dominicano :
_bla evolución de las relaciones jurídicas de la propiedad en el sistema capitalista contemporáneo /
_cAmaury Justo Duarte : prólogo Bautista López García
264 _aSanto Domingo :
_bUASD,
_bSantuario,
_bBúho,
_c2021.
300 _a161 páginas
_bgraficos
_c23 cm.
336 _2rdacontent
_atexto
_btxt
337 _2rdamedia
_asin mediación
_bn
338 _2rdacarrier
_avolumen
_bnc
500 _aIncluye datos biografícos del autor en la página 117
500 _aIncluye notas a pie de páginas.
500 _a¿Estamos viviendo una nueva era del capitalismo?
504 _aBibliografía p: 159-161
590 _aInventariado, 2024 / YL
700 1 _aLópez García, Bautista
_eprólogo
_985197
710 1 _aUniversidad Autónoma de Santo Domingo (UASD)
_984760
910 _aYLockward
942 _2ddc
_cLBS1
999 _c56352
_d56352